Lost tales from a bygone era /

Bibliographic Details
Main Author: Begum, Rahat Ara
Other Authors: Marium, Lubana (Editor)
Format: Book
Language:English
Urdu
Subjects:
Classic Catalogue: View this record in Classic Catalogue
LEADER 01454nam a22002897a 4500
001 44981
003 BD-DhAAL
005 20251026144909.0
008 251026t2024 bg a|||| |||| 00| 0deng d
020 |a 9789849900634 
040 |a BD-DhAAL  |c BD-DhAAL 
041 |a urd  |a eng 
082 |a 891.439371  |2 23 
100 |a Begum, Rahat Ara.  |9 59700 
245 |a Lost tales from a bygone era /  |c Rahat Ara Begum, edited by Lubana Marium. 
300 |a 285 pages :  |b illustrations ;  |c 20 cm 
500 |a An Anthology of Translation of Urdu Stories by Rahat Ara Begum (1910-1949), Along With Biographical Notes' 
500 |a Includes translators introduction. 
526 |a ENH  |x Sabreena Ahmed, PhD Associate Professor Department of English and Humanities BRAC University Course Name and No : N/A 
541 |a Karim International  |e 44981 
600 |a Rāḥat Ārā Begam,   |d 1910-1949,  |x Criticism and interpretation.  |9 59727 
650 |a Short stories, Urdu. 
650 |a Short stories, Urdu   |v Translations into English.  |9 59725 
700 |a Marium, Lubana,  |e editor.  |9 59726 
942 |c BK  |2 ddc 
999 |c 47608  |d 47608 
952 |0 0  |1 0  |2 ddc  |4 0  |6 891_439371000000000_BEG  |7 0  |9 78398  |a BRACUL  |b BRACUL  |c NEW  |d 2025-10-21  |e Karim International  |g 667.00  |l 2  |m 2  |o 891.439371 BEG  |p 3010044981  |r 2026-03-29  |s 2026-03-02  |t 1  |v 1334.00  |w 2025-10-21  |y BK  |x Requisitioned by Sabreena Ahmed (Associate Professor, Department of English and Humanities, BRAC University) for the course named N/A